<?xml version="1.0" encoding="UTF-8"?>
<record
    xmlns:xsi="http://www.w3.org/2001/XMLSchema-instance"
    xsi:schemaLocation="http://www.loc.gov/MARC21/slim http://www.loc.gov/standards/marcxml/schema/MARC21slim.xsd"
    xmlns="http://www.loc.gov/MARC21/slim">

  <leader>01279nam a22002657a 4500</leader>
  <controlfield tag="005">20170124103110.0</controlfield>
  <datafield tag="010" ind1=" " ind2=" ">
    <subfield code="a">B-039051</subfield>
  </datafield>
  <datafield tag="020" ind1=" " ind2=" ">
    <subfield code="c">57.00</subfield>
    <subfield code="a">812308317</subfield>
  </datafield>
  <datafield tag="035" ind1=" " ind2=" ">
    <subfield code="a">B-039051</subfield>
  </datafield>
  <datafield tag="037" ind1=" " ind2=" ">
    <subfield code="b">Cen Lib/Ret</subfield>
  </datafield>
  <datafield tag="040" ind1=" " ind2=" ">
    <subfield code="a">DPL</subfield>
    <subfield code="b">HN</subfield>
  </datafield>
  <datafield tag="082" ind1=" " ind2=" ">
    <subfield code="a">361.3092</subfield>
    <subfield code="b">&#x91A;&#x902;&#x91A;&#x930;&#x940;</subfield>
  </datafield>
  <datafield tag="100" ind1=" " ind2=" ">
    <subfield code="a"> &#x91A;&#x902;&#x91A;&#x930;&#x940;&#x915;, &#x915;&#x928;&#x94D;&#x939;&#x948;&#x92F;&#x93E;&#x932;&#x93E;&#x932; </subfield>
    <subfield code="9">42649</subfield>
  </datafield>
  <datafield tag="245" ind1=" " ind2=" ">
    <subfield code="a">&#x92E;&#x939;&#x93E;&#x924;&#x94D;&#x92E;&#x93E; &#x91C;&#x94D;&#x92F;&#x94B;&#x924;&#x93F;&#x92C;&#x93E; &#x92B;&#x941;&#x932;&#x947; /</subfield>
    <subfield code="c">&#x915;&#x928;&#x94D;&#x939;&#x948;&#x92F;&#x93E;&#x932;&#x93E;&#x932; &#x91A;&#x902;&#x91A;&#x930;&#x940;&#x915;</subfield>
  </datafield>
  <datafield tag="246" ind1=" " ind2=" ">
    <subfield code="a">Mahatama jyotiba fule /</subfield>
    <subfield code="b">by Kanhaiya Lal  Chanchrik </subfield>
  </datafield>
  <datafield tag="260" ind1=" " ind2=" ">
    <subfield code="a">&#x928;&#x92F;&#x940; &#x926;&#x93F;&#x932;&#x94D;&#x932;&#x940; </subfield>
    <subfield code="b">&#x92A;&#x94D;&#x930;&#x915;&#x936;&#x928; &#x935;&#x93F;&#x92D;&#x93E;&#x917;, &#x938;&#x942;&#x91A;&#x928;&#x93E; &#x90F;&#x935;&#x902; &#x92A;&#x94D;&#x930;&#x938;&#x93E;&#x930;&#x923; &#x92E;&#x902;&#x924;&#x94D;&#x930;&#x93E;&#x932;&#x92F; </subfield>
    <subfield code="c">2000</subfield>
  </datafield>
  <datafield tag="270" ind1=" " ind2=" ">
    <subfield code="a">&#x92A;&#x91F;&#x93F;&#x92F;&#x93E;&#x932;&#x93E; &#x939;&#x93E;&#x909;&#x938; </subfield>
    <subfield code="b">&#x928;&#x92F;&#x940; &#x926;&#x93F;&#x932;&#x94D;&#x932;&#x940; </subfield>
    <subfield code="e">110001</subfield>
  </datafield>
  <datafield tag="300" ind1=" " ind2=" ">
    <subfield code="a">162&#x92A;&#x943;. </subfield>
    <subfield code="c">21&#x938;&#x947;&#x92E;&#x940; (&#x938;&#x91C;&#x93F;&#x932;&#x94D;&#x926;)</subfield>
  </datafield>
  <datafield tag="500" ind1=" " ind2=" ">
    <subfield code="a">&#x905;&#x928;&#x941;&#x915;&#x94D;&#x930;&#x92E;&#x923;&#x93F;&#x915;&#x93E; &#x936;&#x93E;&#x92E;&#x93F;&#x932;</subfield>
  </datafield>
  <datafield tag="650" ind1=" " ind2=" ">
    <subfield code="a">&#x938;&#x92E;&#x93E;&#x91C; &#x938;&#x941;&#x927;&#x93E;&#x930;&#x915;--&#x91C;&#x940;&#x935;&#x928;&#x940;--&#x91C;&#x94D;&#x92F;&#x94B;&#x924;&#x93F;&#x92C;&#x93E; &#x92B;&#x941;&#x932;&#x947; </subfield>
    <subfield code="9">79621</subfield>
  </datafield>
  <datafield tag="650" ind1=" " ind2=" ">
    <subfield code="a">&#x938;&#x93E;&#x92E;&#x93E;&#x91C;&#x93F;&#x915; &#x938;&#x902;&#x938;&#x94D;&#x915;&#x943;&#x924;&#x93F; </subfield>
    <subfield code="9">1200</subfield>
  </datafield>
  <datafield tag="650" ind1=" " ind2=" ">
    <subfield code="a">Social reformer--Biography--Jyotiba Phule</subfield>
    <subfield code="9">79622</subfield>
  </datafield>
  <datafield tag="650" ind1=" " ind2=" ">
    <subfield code="a">Social Culture</subfield>
    <subfield code="9">79623</subfield>
  </datafield>
  <datafield tag="942" ind1=" " ind2=" ">
    <subfield code="2">ddc</subfield>
    <subfield code="c">HN</subfield>
    <subfield code="h">361.3092</subfield>
    <subfield code="m">&#x91A;&#x902;&#x91A;&#x930;&#x940;</subfield>
  </datafield>
  <datafield tag="999" ind1=" " ind2=" ">
    <subfield code="c">118342</subfield>
    <subfield code="d">118342</subfield>
  </datafield>
  <datafield tag="952" ind1=" " ind2=" ">
    <subfield code="0">0</subfield>
    <subfield code="1">0</subfield>
    <subfield code="4">0</subfield>
    <subfield code="7">0</subfield>
    <subfield code="a">L</subfield>
    <subfield code="b">L</subfield>
    <subfield code="d">2015-09-11</subfield>
    <subfield code="e">Cen Lib/Ret</subfield>
    <subfield code="g">5700.00</subfield>
    <subfield code="l">0</subfield>
    <subfield code="o">361.3092 &#x91A;&#x902;&#x91A;&#x930;&#x940;</subfield>
    <subfield code="p">B-039051</subfield>
    <subfield code="r">2015-09-11 00:00:00</subfield>
    <subfield code="t">1</subfield>
    <subfield code="v">57.00</subfield>
    <subfield code="w">2015-09-11</subfield>
    <subfield code="y">HN</subfield>
  </datafield>
</record>
